00301nam a22001337a 4500003000700000005001700007008004100024082002100065100001400086245001800100260002400118300000800142650001700150MPLRDC20220104125241.0210129b ||||| |||| 00| 0 eng d a857.9 LCY-82 v.2 a柳残阳 a魔尊. 二c ab文武创作社c b平 a武侠小说